01032nam a22002772a 450000100060000000300080000600500170001400800410003103500510007204000370012304100080016008200300016810000420019824500510024026000510029130000340034249000390037650400310041565000380044665100400048483000180052483000400054294200120058299900170059495201430061134886BD-RjUL20211209052227.0140519s1964 ii 000 0 eng d a(BD-RjUL)34980aOCLC ocm00259894 from D960809M aWSUcWSUdUKMdEQOdBD-RjULbeng aeng00a711.4095487218bRAT 19641 aPrakasa Rao, V. L. S.,d1917-910619910aTowns of Mysore State /cV. L. S. Prakasa Rao. aCalcutta ;aLondon :bAsia Pub. House.cc1964. avii, 120 p. ;bill. ;c28 cm.1 aIndian statistical series ;vno.22 aBibliographical footnotes. 0aRegional planningzMysore9106200 0aMysorexEconomic conditions9106201 0vno.229106205 0aIndian statistical series ;9104708 2ddccBK c34886d34886 00102ddc40708NFICaRUCLbRUCLcStackd1968-09-02eZeitlingerg42.00l0o711.4095487 RAT 1964r2014-05-19 00:00:00tC-2w2014-05-19yBK